Ч. 2; Немецкий язык для математиков

Bibliografiske detaljer
Parent link:Немецкий язык для математиков=Deutsch fur mathematiker: учебное пособие/ З. В. Белкина [и др.]. Ч. 2.— , 1988
Sprog:tysk
russisk
Udgivet: 1988
Fag:
Format: MixedMaterials Bog
KOHA link:https://koha.lib.tpu.ru/cgi-bin/koha/opac-detail.pl?biblionumber=263414

MARC

LEADER 00000nam2a2200000 4500
001 263414
005 20231101233733.0
010 |a 5745500751 
020 |a RU  |b 88-56167 
035 |a (RuTPU)RU\TPU\book\286399 
090 |a 263414 
100 |a 20140609d1988 m y0rusy5003 ca 
101 0 |a ger  |a rus 
102 |a RU 
105 |a y j 000zy 
200 0 |a Ч. 2 
210 |d 1988 
215 |a 94 с. 
461 1 |0 (RuTPU)RU\TPU\book\286235  |t Немецкий язык для математиков  |l Deutsch fur mathematiker  |o учебное пособие  |f З. В. Белкина [и др.]  |v Ч. 2  |d 1988 
606 1 |a Немецкий язык  |x Для вузов  |x Учебные руководства и пособия. Хрестоматии. Книги для чтения  |2 stltpush  |3 (RuTPU)RU\TPU\subj\45401  |9 64643 
610 1 |a лексика 
610 1 |a грамматика 
610 1 |a математика 
610 1 |a книги для чтения 
610 1 |a учебные пособия 
686 |a Ш143.24-923.8  |2 rubbk 
801 0 |a RU  |b RuMRKP  |c 19950417  |g psbo 
801 1 |a RU  |b 63413507  |c 20140609 
801 2 |a RU  |b 63413507  |c 20141013  |g RCR 
942 |c BK